000 00623cam a22002412a 4500
001 004214
003 AR-FADEU
008 311216n1995####xxu####################dd
020 _a2-200-21628-9
092 _a153
_bR511
100 _aRichard, Jean-Francois
245 _aLas activitès mentales : comprendre, raisonner trouver des solutions
250 _a2me ed
260 _aParís
260 _bArmand Colin
260 _c1995
300 _a446 p
440 _aPsychologie
500 _aTable de matières. bibliographie
650 _aPSICOLOGIA; PROCESOS MENTALES
546 _aFrancés
942 _cBDGR
999 _c10040
_d10040